000 00485 a2200181 4500
001 79070
020 _a9780071263832
082 _a330 SAM
090 _c39554
_d39554
100 _aPaul A Samuelson : William D Nordhaus
245 _aEconomics 19th/Ed
_cPaul A Samuelson : William D Nordhaus
_hEnglish
250 _a19 th
260 _aSingapore
_bMcGraw Hill
_c2010
300 _axxiv 720 p
500 _aDOS BS Reference Books
505 _aAHQ Books
600 _aEcomomics
942 _acaenust
_k330 SAM
_cBS
999 _c314143
_d314143